ՀՀ Գիտությունների ազգային ակադեմիայի հիմնարար գիտական գրադարան  =   Fundamental Scientific Library of NAS RA

Государственный архив Калининской области : (Record no. 444613)

MARC details
000 -LEADER
fixed length control field 01228nam a2200241 a 4500
003 - CONTROL NUMBER IDENTIFIER
control field AM-YeHGA
005 - DATE AND TIME OF LATEST TRANSACTION
control field 20250617160033.0
008 - FIXED-LENGTH DATA ELEMENTS--GENERAL INFORMATION
fixed length control field 181112s1960 ru |||||r|||||000|0|rus||
040 ## - CATALOGING SOURCE
Original cataloging agency AM-YeHGA
041 0# - LANGUAGE CODE
Language code of text/sound track or separate title rus
090 ## - LOCALLY ASSIGNED LC-TYPE CALL NUMBER (OCLC); LOCAL CALL NUMBER (RLIN)
-- 447438
110 2# - MAIN ENTRY--CORPORATE NAME
Corporate name or jurisdiction name as entry element Калининский областной архив
245 00 - TITLE STATEMENT
Title Государственный архив Калининской области :
Remainder of title Путеводитель /
Statement of responsibility, etc. Под ред. М. А. Ильин и др. ; Архив. отдел УВД Калининского облисполкома ; Гос. архив Калининской области.
260 ## - PUBLICATION, DISTRIBUTION, ETC.
Place of publication, distribution, etc. Калинин :
Name of publisher, distributor, etc. Кн. изд-во,
Date of publication, distribution, etc. 1960.
300 ## - PHYSICAL DESCRIPTION
Extent 351 с. ;
Dimensions 21 см.
504 ## - BIBLIOGRAPHY, ETC. NOTE
Bibliography, etc. note Библиогр. : с.331-341
650 14 - SUBJECT ADDED ENTRY--TOPICAL TERM
Topical term or geographic name entry element Культура. Наука. Просвещение
General subdivision Архивное дело
650 14 - SUBJECT ADDED ENTRY--TOPICAL TERM
Topical term or geographic name entry element Архивоведение
Geographic subdivision Калининская область
653 0# - INDEX TERM--UNCONTROLLED
Uncontrolled term Архивные фонды - Калининская область - Путеводитель
700 1# - ADDED ENTRY--PERSONAL NAME
Personal name Ильин, М. А.
Relator term ред.
Relationship edt
710 2# - ADDED ENTRY--CORPORATE NAME
Corporate name or jurisdiction name as entry element УВД Калининского облисполкома
Subordinate unit Архивный отдел
942 ## - ADDED ENTRY ELEMENTS (KOHA)
Source of classification or shelving scheme Universal Decimal Classification
Koha item type Գրքեր / Books
Holdings
Withdrawn status Lost status Source of classification or shelving scheme Damaged status Not for loan Collection Home library Current library Date acquired Total checkouts Full call number Barcode Date last seen Price effective from Koha item type Public note
    Universal Decimal Classification     General Fundamental Scientific Library Fundamental Scientific Library 18/12/2019   PII/29093 FL0611889 18/12/2019 18/12/2019 Գրքեր / Books 30 Days Loan


ՀՀ ԳԱԱ հիմնարար գիտական գրադարան
ՀՀ,Երևան 0019
Մարշալ Բաղրամյան 24/6
հեռախոս:(374-10) 52-47-50
Հետադարձ կապ

All site content, except where otherwise noted, is licensed under a
Creative Commons License